000
00350nam a2200157Ia 4500
100
_a
Birman/Kenneth P
650
_a
Distributed systems
942
_c
BK
366
_f
25
245
_a
Reliable Distributed systems:Technologies
260
_b
Springer
_c
2005
082
_a
4.6
_b
BIR
300
_a
668
546
_a
ENGLISH
_c
Computers
999
_c
18243
_d
18243